书目信息 |
| 题名: |
走出孤独
|
|
| 作者: | 许红梅 , 王海平 , 刘燕 编著 | |
| 分册: | ||
| 出版信息: | 北京 中国社会出版社 2009.02 |
|
| 页数: | 202页 | |
| 开本: | 21cm | |
| 丛书名: | ||
| 单 册: | ||
| 中图分类: | R395.6 | |
| 科图分类: | ||
| 主题词: | 心理卫生--xin li wei sheng--青年读物 | |
| 电子资源: | ||
| ISBN: | 978-7-5087-1959-7 | |
| 000 | 00930nam0 2200277 450 | |
| 001 | 012009855906 | |
| 005 | 20091015145533.60 | |
| 010 | @a978-7-5087-1959-7@dCNY13.00 | |
| 100 | @a20091015d2009 em y0chiy0120 ea | |
| 101 | 0 | @achi |
| 102 | @aCN@b110000 | |
| 105 | @ay z 000yy | |
| 106 | @ar | |
| 200 | 1 | @a走出孤独@Azou chu gu du@f许红梅 ... [等] 编著@Fxu hong mei...[deng]bian zhu |
| 210 | @a北京@c中国社会出版社@d2009.02 | |
| 215 | @a202页@d21cm | |
| 300 | @a青少年心理自助 | |
| 304 | @a题名页题 : 许红梅, 王海平, 刘燕, 张莉萍, 薛余华编著 | |
| 330 | @a本书分为五章,主要内容包括孤独的我、我被空气挤没了、伸出友爱的手、走出情感的沼泽地、让我靠近您。 | |
| 606 | 0 | @a心理卫生@Axin li wei sheng@j青年读物 |
| 690 | @aR395.6@v4 | |
| 701 | 0 | @a许红梅@Axu hong mei@4编著 |
| 701 | 0 | @a王海平@Awang hai ping@4编著 |
| 701 | 0 | @a刘燕@Aliu yan@4编著 |
| 801 | 0 | @aCN@bQSSK@c20091015 |
| 905 | @b762363-65@dR395.6@eX864@f3 | |
| 走出孤独/许红梅 ... [等] 编著.-北京:中国社会出版社,2009.02 |
| 202页;21cm |
| 青少年心理自助 |
| ISBN 978-7-5087-1959-7:CNY13.00 |
| 本书分为五章,主要内容包括孤独的我、我被空气挤没了、伸出友爱的手、走出情感的沼泽地、让我靠近您。 |
| ● |
| 相关链接 |
|
|
|
正题名:走出孤独
索取号:R395.6/X864
 
预约/预借
| 序号 | 登录号 | 条形码 | 馆藏地/架位号 | 状态 | 备注 |
| 1 | 762363 | 207623632 | 自科库401/401自科库 16排1列3层/ [索取号:R395.6/X864] | 在馆 | |
| 2 | 762364 | 207623641 | 自科库401/401自科库 16排1列3层/ [索取号:R395.6/X864] | 在馆 | |
| 3 | 762365 | 207623650 | 自科库401/401自科库 16排1列3层/ [索取号:R395.6/X864] | 在馆 |